000 01093nam a22003017a 4500
999 _c44998
_d44998
001 18580
003 CO-MdFUSB
005 20180622073156.0
008 180322t2013 bl ||||| |||| 00| 0 spa d
020 _a158802628-0
040 _aCO-MdFUSB
_bspa
_cCO-MdFUSB
_dCO-MdFUSBC
_erda
041 _aspa
_heng
082 0 4 _aG 227.507 P4851c
100 1 _aPeterson, Eugene H.
_eautor
245 1 0 _aCreciendo en Cristo
_b : Una conversación sobre teología espiritual
_c / Eugene H. Peterson ; traducido por Silvia Cudich
264 4 _aMiami, Florida :
_b Patmos,
_c©2013
300 _a283 páginas
336 _2rdacontent
_atexto
_btxt
337 _2rdamedia
_asin mediación
_bn
338 _2rdacarrier
_avolumen
_bnc
500 _aTítulo original en inglés: Practice Resurrection: A conversation on Growing Up in Christ
501 _aRústico
505 0 0 _aÉfeso y los efesios -- La bendición de Dios -- La creación de la iglesia -- La congregación en acción
650 7 _aIglesia
_9655
650 0 _aVida cristiana
_919
653 _aBiblia N.T. - Efesios - Exegesis
942 _cBK